00534nmm a2200157Ia 4500008004100000020001800041041000800059100001900067245010600086264007800192300001800270650001200288856005200300942000700352999001700359251105s9999||||xx |||||||||||||||||und|| a9789978772157 aspa aRamos, César 0aLa riqueza nutricional y medicinal de los alimentos naturalesy el porqué nos niegan su conocimiento a[Quito, Ecuador] :bPontificia Universidad Católica del Ecuador, c2014 a216 páginas aCooking uhttps://public.digitaliapublishing.com/a/117785 cCF c97942d97942